000 00519nam a2200181Ia 4500
008 090124s9999 xx 000 0 und d
082 _b114473
100 _aकेशव दत्ता
245 _a कुंकू जपून ठेव
250 _a1
260 _c1972
300 _a106
600 _aकेशव दत्ता
630 _a कुंकू जपून ठेव
700 _aकेशव दत्ता
730 _a कुंकू जपून ठेव
942 _cBOOK
999 _c160564
_d160564